Daňové preplatky a nedoplatky v roku 2019

Vymedzenie daňového preplatku podľa zákona o správe daní č. 563/2009 Z.z. v znení zákona č. 331/2011 Z.z. Použitie daňového preplatku.

Guardado en:
Detalles Bibliográficos
Autor principal: Válek, Juraj, 1981-
Formato: Capítulo de libro
Lenguaje:eslovaco
Materias:
Etiquetas: Agregar Etiqueta
Sin Etiquetas, Sea el primero en etiquetar este registro!

MARC

LEADER 00000naa a2200000 4500
001 0260076
005 20240502074119.1
041 0 |a slo 
044 |a SK 
245 1 0 |a Daňové preplatky a nedoplatky v roku 2019  |c Juraj Válek 
520 |a Vymedzenie daňového preplatku podľa zákona o správe daní č. 563/2009 Z.z. v znení zákona č. 331/2011 Z.z. Použitie daňového preplatku. 
610 2 0 |a správa daňová 
610 2 0 |a preplatky 
610 2 0 |a nedoplatky 
610 2 0 |a dane 
610 2 0 |a pohľadávky 
610 2 0 |a zákony 
610 2 0 |a Slovensko 
100 1 |a Válek, Juraj, 1981-